Aid activities in Asia 1997-1998

Gespeichert in:
Bibliographische Detailangaben
Körperschaft: OECD. Development Assistance Committee
Format: Buch
Sprache:Englisch
Französisch
Veröffentlicht: Paris OECD 1999
Schriftenreihe:Creditor reporting system
Schlagworte:
Tags: Tag hinzufügen
Keine Tags, Fügen Sie das erste Tag hinzu!

MARC

LEADER 00000nam a2200000 4500
001 c119945
005 20240422070244.3
020 |a 92-64-05849-4 
041 0 |a eng 
041 0 |a fre 
044 |a FR 
245 1 0 |a Aid activities in Asia 1997-1998 
264 1 |a Paris  |b OECD  |c 1999 
300 |a 166 s. 
490 1 |a Creditor reporting system 
830 0 |a Creditor reporting system 
610 2 0 |a pomoc hospodárska 
610 2 0 |a pomoc rozvojová 
610 2 0 |a krajiny rozvojové 
610 2 0 |a krajiny vyspelé 
610 2 0 |a rozvoj hospodársky 
610 2 0 |a Ázia 
710 2 |a OECD. Development Assistance Committee